Statistics for Do You Really Know the TV Show Friends? Part 10

Click here to take the quiz!

General Stats

  • This quiz has been taken 279 times
  • The average score is 11 of 15

Answer Stats

QuestionAnswer% Correct
What does Joey accidentally buy at a charity auction?Sailboat
93%
At the end of the series which two characters' parents are the only ones still together?Ross and Monica
90%
What bad habit does Chandler have?Smoking
88%
Who cries on their 30th birthday?Joey
86%
What is Phoebe's twin's name?Ursula
86%
Of these sports, which has not been played on Friends: rugby, tennis, racquetball, or baseball?Baseball
85%
Which two characters get locked on the roof and are forced to climb down the fire escape together?Joey and Ross
85%
What does Monica make to get their neighbors to like her?Candy
76%
What game did Chandler invent in order to give Joey money without him knowing?Cups
72%
When Phoebe becomes a telemarketer, what does she sell?Toner
64%
What simple skill could Monica not do until she was 13?Tell time
57%
What song does Rachel sing at Barry and Mindy's wedding?Copacabana
52%
All the Friends get locked out of the apartment on Thanksgiving, consequently burning all the food because they were watching what parade balloon fly away?Underdog
50%
How did Joey dislocate his shoulder?Jumping on the bed
42%
What type of animal freaks Rachel out?Fish
31%

Score Distribution

Percentile by Number Answered

Percent of People with Each Score

Your Score History

You have not taken this quiz